Sexual identity /

Bibliographic Details
Main Author: LaTorre, Ronald A.
Format: Book
Language:English
Published: Chicago : Nelson-Hall, [1979]
Subjects:

MARC

Tag First Indicator Second Indicator Subfields
LEADER 00000pam a2200000 i 4500
001 in00000093601
005 20150927070159.0
008 781120s1979 ilu b 00110 eng
010 |a  78026442  
020 |a 0882293605 
035 |a (OCoLC)04493417 
035 |9 AAL5449AM 
040 |a DLC  |c DLC  |d TXA  |d UtOrBLW 
049 |a TXAM  |c [1159398] 
050 0 0 |a BF692.2  |b .L37 
082 0 |a 155.3/2 
100 1 |a LaTorre, Ronald A. 
245 1 0 |a Sexual identity /  |c Ronald A. LaTorre. 
264 1 |a Chicago :  |b Nelson-Hall,  |c [1979] 
264 4 |c ©1979 
300 |a x, 171 pages ;  |c 23 cm. 
336 |a text  |b txt  |2 rdacontent 
337 |a unmediated  |b n  |2 rdamedia 
338 |a volume  |b nc  |2 rdacarrier 
500 |a Includes index. 
504 |a Bibliography: pages 163-166. 
650 0 |a Sex (Psychology) 
650 0 |a Identity (Psychology) 
650 0 |a Psychology, Pathological. 
650 0 |a Mental health. 
999 |a MARS 
999 f f |s 5fd2201a-7d3c-3a5d-bcd3-fdf6ae0046a7  |i 65b0f099-45c8-3937-9c4f-6106a11757bf  |t 0 
952 f f |p ric  |a Texas A&M University  |b Rellis Campus  |c Joint Library Facility  |d Remote Storage  |t 0  |e BF692.2 .L37  |h Library of Congress classification  |i unmediated -- volume  |m A14801692988 
998 f f |a BF692.2 .L37  |t 0  |l Remote Storage